বাংলাদেশে ইসলামী শিক্ষার ইতিহাস (১৯৭১-১৯৯০) / (Record no. 77915)
[ view plain ]
| 000 -LEADER | |
|---|---|
| fixed length control field | 01594nam a2200253 a 4500 |
| 001 - CONTROL NUMBER | |
| control field | 77915 |
| 003 - CONTROL NUMBER IDENTIFIER | |
| rucl marc code | BD-RjUL |
| 005 - DATE AND TIME OF LATEST TRANSACTION | |
| control field | 20211209083050.0 |
| 008 - FIXED-LENGTH DATA ELEMENTS--GENERAL INFORMATION | |
| fixed length control field | 210210s2001 bg ||||| m||| 00| 0 ben d |
| 035 ## - SYSTEM CONTROL NUMBER | |
| System control number | (BD-RjUL)78141 |
| 040 ## - CATALOGING SOURCE | |
| Original cataloging agency | BD-RjUL |
| Language of cataloging | ben /eng |
| Transcribing agency | BD-RjUL |
| Modifying agency | BD-RjUL |
| 041 ## - LANGUAGE CODE | |
| Language code of text/sound track or separate title | ben |
| 082 ## - DEWEY DECIMAL CLASSIFICATION NUMBER | |
| Classification number | 297.77095492 |
| Author mark and year | UDB 2001 |
| Edition number | 23 |
| 100 ## - MAIN ENTRY--PERSONAL NAME | |
| Personal name | উদ্দীন, মুহাম্মদ নিজাম |
| 9 (RLIN) | 244685 |
| 245 10 - TITLE STATEMENT | |
| Title | বাংলাদেশে ইসলামী শিক্ষার ইতিহাস (১৯৭১-১৯৯০) / |
| Statement of responsibility, etc. | মুহাম্মদ নিজাম উদ্দীন ; |
| Linkage | তত্ত্বাবধায়ক : মুহাম্মদ শফিকুল্লাহ |
| 260 ## - PUBLICATION, DISTRIBUTION, ETC. (IMPRINT) | |
| Place of publication, distribution, etc. | রাজশাহী : |
| Name of publisher, distributor, etc. | ইসলামিক স্টাডিজ বিভাগ, রাজশাহী বিশ্ববিদ্যালয়, |
| Date of publication, distribution, etc. | ২০০১ |
| 300 ## - PHYSICAL DESCRIPTION | |
| Pagination | viii, ৩৩০ পাতা ; |
| Size | ২৯ সেমি. |
| 502 ## - DISSERTATION NOTE | |
| Dissertation note | থিসিস (এম. ফিল.) -- ইসলামিক স্টাডিজ বিভাগ, রাজশাহী বিশ্ববিদ্যালয়, ২০০১ |
| 504 ## - BIBLIOGRAPHY, ETC. NOTE | |
| Bibliography, etc | গ্রন্থপঞ্জি : পাতা [৩১৮]-৩৩০ |
| 650 ## - SUBJECT ADDED ENTRY--TOPICAL TERM | |
| Topical term or geographic name as entry element | ইসলামী শিক্ষা |
| General subdivision | ইতিহাস |
| Geographic subdivision | বাংলাদেশ |
| Form subdivision | ১৯৭১-১৯৯০ |
| 9 (RLIN) | 244686 |
| Topical term or geographic name as entry element | Islamic Education |
| General subdivision | Histroy |
| Geographic subdivision | Bangladesh |
| Form subdivision | 1971-1990 |
| 9 (RLIN) | 244687 |
| 700 ## - ADDED ENTRY--PERSONAL NAME | |
| Personal name | শফিকুল্লাহ, মুহাম্মদ, তত্ত্বাবধায়ক |
| 942 ## - ADDED ENTRY ELEMENTS (KOHA) | |
| Source of classification or shelving scheme | Dewey Decimal Classification |
| Koha item type | Theses |
| Lost status | Source of classification or shelving scheme | Damaged status | Not for loan | Collection code | Permanent Location | Current Location | Shelving location | Date acquired | Source of acquisition | Total Checkouts | Full call number | Date last seen | Copy number | Koha item type |
|---|---|---|---|---|---|---|---|---|---|---|---|---|---|---|
| Dewey Decimal Classification | Not For Loan | Theses | Central Library, University of Rajshahi | Central Library, University of Rajshahi | Documentation Section | 01/10/2002 | Controller of Exam., R.U. | BTHE 297.77095492 UDB 2001 | 10/02/2021 | C-1 | Theses |